<?xml version="1.0" encoding="UTF-8"?>
<record
    xmlns:xsi="http://www.w3.org/2001/XMLSchema-instance"
    xsi:schemaLocation="http://www.loc.gov/MARC21/slim http://www.loc.gov/standards/marcxml/schema/MARC21slim.xsd"
    xmlns="http://www.loc.gov/MARC21/slim">

  <leader>00744nam a22002177a 4500</leader>
  <datafield tag="999" ind1=" " ind2=" ">
    <subfield code="c">166330</subfield>
    <subfield code="d">166330</subfield>
  </datafield>
  <controlfield tag="005">20190719170738.0</controlfield>
  <datafield tag="010" ind1=" " ind2=" ">
    <subfield code="a">ENG-126018</subfield>
  </datafield>
  <datafield tag="020" ind1=" " ind2=" ">
    <subfield code="a">9788183295315</subfield>
    <subfield code="c">995.00</subfield>
  </datafield>
  <datafield tag="035" ind1=" " ind2=" ">
    <subfield code="a">EN-109550</subfield>
  </datafield>
  <datafield tag="037" ind1=" " ind2=" ">
    <subfield code="b">DBAD/PUB</subfield>
  </datafield>
  <datafield tag="082" ind1=" " ind2=" ">
    <subfield code="a">338.954</subfield>
  </datafield>
  <datafield tag="245" ind1=" " ind2=" ">
    <subfield code="a">Making of new India :</subfield>
    <subfield code="c">ed.by Bibek Debroy, Anirban Ganguly [and] Kishore Desai</subfield>
    <subfield code="b">transformation under Modi government /</subfield>
  </datafield>
  <datafield tag="260" ind1=" " ind2=" ">
    <subfield code="a">New Delhi</subfield>
    <subfield code="b">Wisdom Tree</subfield>
    <subfield code="c">2019</subfield>
  </datafield>
  <datafield tag="270" ind1=" " ind2=" ">
    <subfield code="a">4779/23, Ansari Road </subfield>
    <subfield code="b">Darya Ganj,  New Delhi</subfield>
    <subfield code="e">110002</subfield>
    <subfield code="m">wisdomtreebooks@gmail.com</subfield>
    <subfield code="k">011-23247966/67/68</subfield>
  </datafield>
  <datafield tag="300" ind1=" " ind2=" ">
    <subfield code="a">xix,587p.</subfield>
    <subfield code="c">24cm(Hb)</subfield>
  </datafield>
  <datafield tag="500" ind1=" " ind2=" ">
    <subfield code="a">Includes index</subfield>
  </datafield>
  <datafield tag="700" ind1=" " ind2=" ">
    <subfield code="a">Debroy, Bibek </subfield>
  </datafield>
  <datafield tag="700" ind1=" " ind2=" ">
    <subfield code="a">Ganguly, Anirban</subfield>
  </datafield>
  <datafield tag="700" ind1=" " ind2=" ">
    <subfield code="a">Desai, Kishore</subfield>
  </datafield>
  <datafield tag="942" ind1=" " ind2=" ">
    <subfield code="2">ddc</subfield>
    <subfield code="c">EN</subfield>
    <subfield code="h">338.954</subfield>
    <subfield code="m">MAK</subfield>
  </datafield>
  <datafield tag="952" ind1=" " ind2=" ">
    <subfield code="0">0</subfield>
    <subfield code="1">0</subfield>
    <subfield code="4">0</subfield>
    <subfield code="7">0</subfield>
    <subfield code="8">NFIC</subfield>
    <subfield code="a">ZLS</subfield>
    <subfield code="b">ZLS</subfield>
    <subfield code="d">2019-07-19</subfield>
    <subfield code="e">DBAD/PUB</subfield>
    <subfield code="g">995.00</subfield>
    <subfield code="l">0</subfield>
    <subfield code="o">338.954 MAK</subfield>
    <subfield code="p">EN-109550</subfield>
    <subfield code="r">2019-07-19 00:00:00</subfield>
    <subfield code="t">1</subfield>
    <subfield code="v">995.00</subfield>
    <subfield code="y">EN</subfield>
  </datafield>
</record>
